000 00663nam a2200217 a 4500
999 _c2878
_d2878
001 2878
003 BD-JhCC
005 20171107192908.0
008 171107s1371 bg |||| ||a| 000 0 ben d
035 _a(BD-JhCC) 2878
040 _aBD-JhCC
_dBD-JhCC
041 _aben
082 _a891.443
_bUDD 1371
100 _aউদ্দিন, সরদার জয়েন
245 _aপান্না মোতি /
_c সরদার জয়েন উদ্দিন
260 _aঢাকা :
_bওসমানিয়া বুক ডিপো ,
_c1371
300 _a180 p .:
_c22 cm .
650 _aBengali Novel
942 _2ddc
_cBK